<?xml version="1.0" encoding="UTF-8"?><?xml-stylesheet type="text/xsl" href="static/style.xsl"?><OAI-PMH xmlns="http://www.openarchives.org/OAI/2.0/" xmlns:xsi="http://www.w3.org/2001/XMLSchema-instance" xsi:schemaLocation="http://www.openarchives.org/OAI/2.0/ http://www.openarchives.org/OAI/2.0/OAI-PMH.xsd"><responseDate>2026-04-27T21:24:48Z</responseDate><request verb="GetRecord" identifier="oai:uvadoc.uva.es:10324/32143" metadataPrefix="marc">https://uvadoc.uva.es/oai/request</request><GetRecord><record><header><identifier>oai:uvadoc.uva.es:10324/32143</identifier><datestamp>2021-06-29T22:40:35Z</datestamp><setSpec>com_10324_38</setSpec><setSpec>col_10324_852</setSpec></header><metadata><record xmlns="http://www.loc.gov/MARC21/slim" xmlns:doc="http://www.lyncode.com/xoai" xmlns:xsi="http://www.w3.org/2001/XMLSchema-instance" xmlns:dcterms="http://purl.org/dc/terms/" xsi:schemaLocation="http://www.loc.gov/MARC21/slim http://www.loc.gov/standards/marcxml/schema/MARC21slim.xsd">
<leader>00925njm 22002777a 4500</leader>
<datafield tag="042" ind1=" " ind2=" ">
<subfield code="a">dc</subfield>
</datafield>
<datafield tag="720" ind1=" " ind2=" ">
<subfield code="a">Palomares Pacheco, María</subfield>
<subfield code="e">author</subfield>
</datafield>
<datafield tag="260" ind1=" " ind2=" ">
<subfield code="c">2018</subfield>
</datafield>
<datafield tag="520" ind1=" " ind2=" ">
<subfield code="a">La casa siempre ha formado parte de un ámbito de estudio relacionado con la forma de habitar&#xd;
del momento. En los años cincuenta la Segunda Guerra Mundial trajo consigo innumerables cambios en&#xd;
todos los aspectos en la sociedad, bien fuesen económicos, sociales, e incluso a nivel cultural. Se produjo&#xd;
también un salto tecnológico que incitó un gran aumento de la publicidad. La revista Arts &amp; Architecture,&#xd;
de la mano de los mejores arquitectos, artistas y críticos, difundieron la forma de construir esa nueva&#xd;
vivienda moderna. Mediante el análisis del tema, y en especial del trabajo que realizó Ralph Rapson&#xd;
en la casa Greenbelt que diseño para el programa de las Case Study Houses, trataremos de mostrar&#xd;
la evolución de la casa de la época influenciada por la imagen que las publicaciones mostraban.&#xd;
En definitiva, se trata de analizar este modelo de vivienda como el paradigma de lo que fue el american&#xd;
new way of life y su repercusión en la arquitectura doméstica americana.</subfield>
</datafield>
<datafield tag="024" ind2=" " ind1="8">
<subfield code="a">http://uvadoc.uva.es/handle/10324/32143</subfield>
</datafield>
<datafield ind1=" " ind2=" " tag="653">
<subfield code="a">Rapson, Ralph (1914 - 2008). Greenbelt House</subfield>
</datafield>
<datafield ind1=" " ind2=" " tag="653">
<subfield code="a">Case Study Houses</subfield>
</datafield>
<datafield ind1=" " ind2=" " tag="653">
<subfield code="a">Arts &amp; Architecture (Revista)</subfield>
</datafield>
<datafield ind1=" " ind2=" " tag="653">
<subfield code="a">Arquitectura doméstica - Estados Unidos</subfield>
</datafield>
<datafield ind1=" " ind2=" " tag="653">
<subfield code="a">Publicidad en la arquitectura</subfield>
</datafield>
<datafield tag="245" ind1="0" ind2="0">
<subfield code="a">Publicidad en la arquitectura de la casa de posguerra: Ralph Rapson y la Greenbelt house.</subfield>
</datafield>
</record></metadata></record></GetRecord></OAI-PMH>